000 00556nam a2200181 i 4500
001 98284
003 ES-MaACL
005 20240421063024.0
007 t|
008 050727s1982 sp ||||1| spa d
100 1 _aMarrodán, Mario Ángel,
_d1932-2005
_977080
245 1 3 _aLa tauromaquia cruel y sangrienta /
_cMario Angel Marrodán.
250 _a[1ª ed.].
260 _aBilbao :
_bComunicación Literaria de Autores,
_c1982.
300 _a48 p. :
_bil. ;
_c20 cm.
852 _aES-MaACL
_j2114-F-8
_bR.102707
999 _c98284
_d98284